| 000 | 00727nam a2200253Ia 4500 | ||
|---|---|---|---|
| 003 | GCL | ||
| 008 | 140319s9999 xx 000 0 ara d | ||
| 040 |
_aGCL / _cGCL |
||
| 082 | 0 | 4 |
_aط _b552.1 _bو ص |
| 100 | 1 | _aوايت, الان | |
| 245 | 1 | 0 |
_aالصخور والمعادن / _cوايت, الان |
| 700 | 1 | _aسعدالله جويجاتى | |
| 260 |
_a[S.N] : _bمكتبة لبنان |
||
| 300 | _a50 | ||
| 490 |
_aسلسلة كتب الطبيعة _v0 |
||
| 650 | 0 | 4 | _aالاطفال |
| 650 | 0 | 4 | _aالمعادن |
| 650 | 0 | 4 | _aالجيولوجيا |
| 650 | 0 | 4 | _aالتعدين |
| 650 | 0 | 4 | _aالصخور |
| 650 | 0 | 4 | _aالمواد الخام |
| 650 | 0 | 4 | _aالتكوينات الصخرية |
| 942 |
_2ddc _cBK |
||
| 999 |
_c32707 _d32707 |
||